[Event "16th Sants Open 2014"]
[Site "Barcelona ESP"]
[Date "2014.08.22"]
[Round "1.81"]
[White "Carrascal Rosal, Alberto"]
[Black "Arias Igual, Alejandro"]
[Result "0-1"]
[WhiteElo "1885"]
[BlackElo "2271"]
[WhiteFideId "32020619"]
[BlackFideId "2254905"]
[EventDate "2014.08.22"]

1. e4 c5 2. Nf3 Nc6 3. d4 cxd4 4. Nxd4 g6 5. c4 Nf6 6. Nc3 d6 7. Be2 Nxd4 8.
Qxd4 Bg7 9. Be3 O-O 10. Qd2 Be6 11. Rc1 Qa5 12. O-O Rfc8 13. b3 a6 14. f3 Nd7
15. Nd5 Qxd2 16. Bxd2 Kf8 17. Be3 Bb2 18. Rcd1 f6 19. f4 Ke8 20. g4 Bf7 21. Rd2
Ba3 22. h4 e6 23. Nb6 Nxb6 24. Bxb6 Ke7 25. Bf3 e5 26. f5 Rc6 27. Be3 b5 28.
cxb5 Rc3 29. Re2 axb5 30. g5 Rxe3 31. gxf6+ Kxf6 32. Rxe3 Bc5 33. Re1 gxf5 34.
Kf1 Bxe3 35. Rxe3 Rxa2 36. Be2 fxe4 37. Rxe4 Bxb3 38. Rb4 Bc4 39. Bxc4 bxc4 40.
Rxc4 d5 41. Rc6+ Kf5 42. Rh6 d4 43. Rxh7 d3 44. Ke1 Kf4 45. Rg7 e4 46. h5 e3 47.
Kf1 Ra1+ 48. Kg2 d2 0-1

[Event "16th Sants Open 2014"]
[Site "Barcelona ESP"]
[Date "2014.08.22"]
[Round "1.83"]
[White "Velichko, Tatiana"]
[Black "Boix Moreno, Daniel"]
[Result "1-0"]
[BlackTitle "FM"]
[WhiteElo "1879"]
[BlackElo "2267"]
[WhiteFideId "24150070"]
[BlackFideId "2207249"]
[EventDate "2014.08.22"]

1. e4 c5 2. Nf3 d6 3. d4 cxd4 4. Nxd4 Nf6 5. Nc3 a6 6. Be2 e5 7. Nb3 Be7 8. O-O
O-O 9. Kh1 Nc6 10. f4 a5 11. a4 Nb4 12. Bf3 Be6 13. f5 Bc4 14. Be2 Rc8 15. g4
Nd7 16. Bxc4 Rxc4 17. Qe2 Rc6 18. g5 Bxg5 19. Bxg5 Qxg5 20. Nxa5 Rc7 21. Rg1 Qh6
22. Rad1 Rfc8 23. Qg2 d5 24. exd5 b6 25. Nc6 Nxc6 26. dxc6 Nf6 27. Nb5 Re7 28.
c7 e4 29. Rd8+ Re8 30. Rgd1 Qh5 31. Rxe8+ Nxe8 32. Rd8 e3 33. f6 g6 34. Nc3 1-0

[Event "16th Sants Open 2014"]
[Site "Barcelona ESP"]
[Date "2014.08.22"]
[Round "1.85"]
[White "Tejada Gomez, Juan V."]
[Black "Jaksland, Tim"]
[Result "0-1"]
[BlackTitle "FM"]
[WhiteElo "1870"]
[BlackElo "2262"]
[WhiteFideId "2255804"]
[BlackFideId "1401084"]
[EventDate "2014.08.22"]

1. d4 Nf6 2. Nf3 c5 3. c3 b6 4. Bf4 Bb7 5. Nbd2 g6 6. e3 Bg7 7. Be2 O-O 8. Qc2
d6 9. Rd1 Nbd7 10. O-O Rc8 11. b3 cxd4 12. c4 Nd5 13. Ne4 dxe3 14. Bxe3 Nxe3 15.
fxe3 Nf6 16. Nf2 b5 17. e4 Qb6 18. Kh1 bxc4 19. bxc4 Qc5 20. Nd4 Qe5 21. Nf3 Qa5
22. Nd2 Nd7 23. Nd3 Ne5 24. Nf4 e6 25. Nb3 Qc7 26. Nd2 Rfd8 27. Qb3 Rb8 28. Qh3
Bc6 29. Nd3 Nxd3 30. Bxd3 Rb2 31. Bb1 Ba4 32. Nb3 Rb8 33. Rc1 Bxb3 34. axb3
R2xb3 35. Qh4 a5 36. Qf4 Qe7 37. Rcd1 Be5 38. Qh6 Rc3 39. Bd3 a4 40. Rf3 Bg7 41.
Qf4 a3 42. c5 Rxc5 43. e5 Bxe5 44. Qa4 Rc3 45. Rdf1 Rf8 46. h4 Rfc8 47. h5 Rc1
48. hxg6 Rxf1+ 49. Rxf1 hxg6 50. Qg4 Kg7 51. g3 Rh8+ 52. Kg2 Qb7+ 53. Be4 Qb2+
54. Kf3 Rh2 55. Bd3 Qg2+ 56. Ke3 Qd2+ 57. Ke4 f5+ 0-1

[Event "16th Sants Open 2014"]
[Site "Barcelona ESP"]
[Date "2014.08.22"]
[Round "1.86"]
[White "Diaz Camallonga, Carles"]
[Black "Tadevosyan, Galust"]
[Result "1-0"]
[WhiteElo "2261"]
[BlackElo "1864"]
[WhiteFideId "22235256"]
[BlackFideId "13304933"]
[EventDate "2014.08.22"]

1. e4 e6 2. d4 d5 3. Nc3 Bb4 4. e5 c5 5. Bd2 Ne7 6. Nb5 O-O 7. c3 Ba5 8. dxc5
Bc7 9. f4 f6 10. exf6 Rxf6 11. Nxc7 Qxc7 12. Bd3 Qxc5 13. Qh5 Kf8 14. Nf3 Rh6
15. Qg5 Nd7 16. Nd4 Nf6 17. O-O-O Rh5 18. Qg3 Nf5 19. Nxf5 exf5 20. Qe3 Qa5 21.
Kb1 Ng4 22. Qe2 Rh6 23. c4 Qc5 24. cxd5 Bd7 25. Rc1 Qb6 26. Bc4 Re8 27. Qd3 Kg8
28. Rhe1 Rxe1 29. Rxe1 Nf2 30. d6+ Re6 31. Qxf5 g6 32. Bxe6+ 1-0

[Event "16th Sants Open 2014"]
[Site "Barcelona ESP"]
[Date "2014.08.23"]
[Round "2.1"]
[White "Granda Zuniga, Julio E"]
[Black "Herrera Reyes, Jose Antonio"]
[Result "1-0"]
[WhiteTitle "GM"]
[WhiteElo "2663"]
[BlackElo "2239"]
[WhiteFideId "3800024"]
[BlackFideId "2274914"]
[EventDate "2014.08.22"]

1. e4 c5 2. Nc3 e6 3. Nf3 a6 4. g3 b6 5. Bg2 Bb7 6. O-O Qc7 7. Re1 d6 8. d3 Nd7
9. h3 Ngf6 10. g4 Ne5 11. Nh2 Be7 12. f4 Nc6 13. Ne2 Nd7 14. c3 e5 15. Rf1 O-O
16. Be3 Nd8 17. Qd2 f6 18. h4 f5 19. gxf5 Bxh4 20. c4 Nc6 21. Rf3 Nd4 22. Rh3
Bf6 23. Nxd4 cxd4 24. Bf2 d5 25. cxd5 exf4 26. Nf3 Rac8 27. Nxd4 Rfe8 28. Rd1
Qc5 29. Ne6 Qc2 30. d4 Nf8 31. Rc3 Qa4 32. e5 Nxe6 33. dxe6 Bxg2 34. exf6 Rxc3
35. bxc3 Bf3 36. f7+ Kf8 37. Re1 Rc8 38. Qxf4 Qc6 39. d5 1-0

[Event "16th Sants Open 2014"]
[Site "Barcelona ESP"]
[Date "2014.08.23"]
[Round "2.2"]
[White "Madiai, Federico"]
[Black "Cori, Jorge"]
[Result "0-1"]
[BlackTitle "GM"]
[WhiteElo "2234"]
[BlackElo "2630"]
[WhiteFideId "836230"]
[BlackFideId "3802272"]
[EventDate "2014.08.22"]

1. e4 c5 2. Nf3 e6 3. d4 cxd4 4. Nxd4 Nc6 5. Nc3 Qc7 6. Be3 a6 7. a3 Nf6 8. f4
d6 9. Be2 Be7 10. g4 O-O 11. g5 Nd7 12. Qd2 Re8 13. O-O-O b5 14. f5 Nde5 15.
Nxc6 Qxc6 16. f6 Bf8 17. h4 Bb7 18. h5 Rad8 19. Bd4 Qc7 20. Qf4 Rd7 21. Qh4 Qd8
22. Bxe5 dxe5 23. Rdf1 gxf6 24. gxf6 Bh6+ 25. Kb1 Kh8 26. Rhg1 Rg8 27. Qh2 Rxg1
28. Qxg1 Qc7 29. Qg3 Rd8 30. Rd1 Rg8 31. Qd3 Bc6 32. Qd6 Qxd6 33. Rxd6 Rc8 34.
a4 Bf8 35. Rd1 b4 36. Bxa6 Rb8 37. Nb5 Bxe4 38. Rd7 b3 39. Rc7 Rd8 0-1

[Event "16th Sants Open 2014"]
[Site "Barcelona ESP"]
[Date "2014.08.23"]
[Round "2.3"]
[White "Sandipan, Chanda"]
[Black "Nordenbaek, Jan"]
[Result "1-0"]
[WhiteTitle "GM"]
[WhiteElo "2619"]
[BlackElo "2228"]
[WhiteFideId "5004225"]
[BlackFideId "1401475"]
[EventDate "2014.08.22"]

1. Nf3 d5 2. e3 Nf6 3. c4 c6 4. Nc3 e6 5. b3 Bd6 6. Bb2 O-O 7. Be2 Nbd7 8. Qc2
a6 9. Rg1 e5 10. g4 e4 11. Nd4 Ne5 12. g5 Nfg4 13. cxd5 c5 14. Nxe4 cxd4 15.
Bxd4 Bf5 16. f4 Rc8 17. Qb1 Re8 18. Nf6+ Qxf6 19. gxf6 Bxb1 20. Rxb1 Nxf6 21.
fxe5 Bxe5 22. Bxe5 Rxe5 23. Bf3 Nxd5 24. Kf2 Nb4 25. Bxb7 Rc2 26. Rg4 Rb5 27.
Rd4 g6 28. Be4 Rxa2 29. Rc1 a5 30. Rc7 Na6 31. Ra7 Nc5 32. Bd5 Rb4 33. Bxf7+ Kg7
34. Bg8+ Rb7 35. Rxb7+ Nxb7 36. Bc4 Kf6 37. b4 Ra4 38. Ba6 1-0

[Event "16th Sants Open 2014"]
[Site "Barcelona ESP"]
[Date "2014.08.23"]
[Round "2.4"]
[White "Van der Lende, Ilias"]
[Black "Bogner, Sebastian"]
[Result "1/2-1/2"]
[BlackTitle "GM"]
[WhiteElo "2223"]
[BlackElo "2603"]
[WhiteFideId "1019260"]
[BlackFideId "4692055"]
[EventDate "2014.08.22"]

1. e4 c5 2. c3 e6 3. d4 d5 4. Nd2 cxd4 5. cxd4 dxe4 6. Nxe4 Bb4+ 7. Nc3 Nf6 8.
Nf3 O-O 9. Bd3 b6 10. O-O Bb7 11. Re1 Nbd7 12. Bg5 Rc8 13. Rc1 Re8 14. Qe2 Be7
15. Ba6 Bxa6 16. Qxa6 Bb4 17. Ne5 Bxc3 18. bxc3 Qc7 19. Bxf6 Nxf6 20. c4 Red8
21. Nf3 h6 22. h3 Nd7 23. Qa3 Qb7 24. c5 Rc6 25. Rc4 Rdc8 26. Ra4 R6c7 27. Rb1
Qe4 28. Re1 Qb7 29. Rb1 Qc6 30. Ra6 Qe4 31. Re1 Qb7 32. Rb1 Qe4 33. Re1 Qa8 34.
Ne5 Nxe5 35. Rxe5 Qb7 36. Ra4 Rd8 37. Rb4 Qc6 38. Qb2 Rb7 39. cxb6 Rxb6 40. Rxb6
Qxb6 41. Qxb6 axb6 42. Rb5 Rxd4 43. Rxb6 Rd1+ 44. Kh2 Rd2 45. Kg3 Rxa2 46. Rb7
g5 47. Rb4 Ra3+ 48. f3 Kg7 49. h4 Kg6 50. hxg5 hxg5 51. Rb6 Ra2 52. Rc6 Re2 53.
Ra6 f5 54. Kh2 Kf6 55. Ra5 Rd2 56. Rb5 Rd4 57. Kg3 Rd8 58. Ra5 Rd2 59. Rb5 f4+
60. Kh3 Rd1 61. g3 Rg1 62. gxf4 gxf4 63. Rb3 Rg3+ 64. Kh2 e5 65. Ra3 Ke6 66. Rb3
Kd5 67. Ra3 Kd4 68. Rb3 Kc5 69. Ra3 Kc4 70. Kh1 Kd4 71. Kh2 Rg8 72. Kh1 Rc8 73.
Kg2 Rc2+ 74. Kh3 Rc3 75. Ra4+ Rc4 76. Ra3 Rc2 77. Kg4 Rg2+ 78. Kf5 Rg3 79. Ra4+
Ke3 80. Kxe5 Rg5+ 81. Kf6 Rh5 82. Ra3+ Kf2 83. Ke6 Kg2 84. Kf6 Kg3 85. Rb3 Ra5
86. Rc3 Rb5 87. Ra3 Rc5 88. Rb3 Rd5 89. Ra3 Rb5 90. Rc3 Kg2 91. Ra3 Rc5 92. Rb3
Rd5 93. Ra3 Rc5 94. Rb3 Ra5 95. Rc3 Rb5 96. Ra3 Kf2 97. Rc3 Ra5 98. Rb3 Rd5 99.
Ra3 Rb5 100. Rc3 Ra5 101. Rb3 Rh5 102. Ra3 Kg2 103. Rb3 Rh3 104. Kf5 Rxf3 105.
Rb8 Rf1 106. Rg8+ Kf3 107. Rb8 Rf2 108. Rb3+ Kg2 109. Kg4 f3 110. Ra3 Rf1 111.
Rb3 Rf2 112. Ra3 Rf1 113. Rb3 f2 114. Rg3+ 1/2-1/2

[Event "16th Sants Open 2014"]
[Site "Barcelona ESP"]
[Date "2014.08.23"]
[Round "2.5"]
[White "Vocaturo, Daniele"]
[Black "Dalo, Hermes"]
[Result "1/2-1/2"]
[WhiteTitle "GM"]
[BlackTitle "CM"]
[WhiteElo "2587"]
[BlackElo "2221"]
[WhiteFideId "813192"]
[BlackFideId "3902544"]
[EventDate "2014.08.22"]

1. e4 e5 2. Nf3 Nc6 3. Bc4 Nf6 4. d3 Be7 5. O-O O-O 6. Re1 d6 7. c3 Na5 8. Bb5
a6 9. Ba4 b5 10. Bc2 c5 11. Nbd2 Nc6 12. Nf1 Re8 13. h3 Bf8 14. Bg5 g6 15. Ne3
Bg7 16. Nh2 h6 17. Bh4 Ne7 18. Nhg4 Nxg4 19. hxg4 Be6 20. Bb3 Qd7 21. Bxe7 Qxe7
22. Bd5 Rab8 23. a4 b4 24. a5 Bf6 25. Bc4 Qa7 26. Qa4 Bd7 27. Qa2 Be6 28. Bxe6
fxe6 29. Nc4 Be7 30. Re3 Qb7 31. cxb4 cxb4 32. Qb3 Kg7 33. Ra4 Qb5 34. Rf3 Rb7
35. Kh2 Rbb8 36. Ra1 Rb7 37. Re3 Rbb8 38. Re2 Rb7 39. Rc2 d5 40. exd5 exd5 41.
Nxe5 Bd6 42. d4 Bxe5+ 43. dxe5 Rxe5 44. Rd2 Rd7 45. Rd4 Re4 46. Qd1 Qb8+ 47. Kg1
Qe5 48. Rd3 Qxb2 49. Rb1 Qe5 50. Qd2 Rxg4 51. f3 Rc4 52. Rxb4 Qa1+ 53. Kf2 Rc5
54. Rh4 Qc1 55. Qxc1 Rxc1 56. Ra4 Rc2+ 57. Kg3 Rc5 58. Kf4 Rc2 59. g4 Kf6 1/2-1/2

[Event "16th Sants Open 2014"]
[Site "Barcelona ESP"]
[Date "2014.08.23"]
[Round "2.6"]
[White "Simon Padros, Emili"]
[Black "Peralta, Fernando"]
[Result "1/2-1/2"]
[WhiteTitle "FM"]
[BlackTitle "GM"]
[WhiteElo "2218"]
[BlackElo "2574"]
[WhiteFideId "2205580"]
[BlackFideId "105309"]
[EventDate "2014.08.22"]

1. e4 c6 2. d4 d5 3. e5 Bf5 4. Nc3 e6 5. g4 Bg6 6. Nge2 c5 7. h4 h5 8. Nf4 Bh7
9. Nxh5 cxd4 10. Qxd4 Nc6 11. Bb5 Ne7 12. Bh6 Rg8 13. O-O-O Qc7 14. Bg5 a6 15.
Qa4 Nc8 16. Be3 Rb8 17. Bxc6+ bxc6 18. Qxa6 Nb6 19. Na4 Nxa4 20. Qxa4 Kd7 21. a3
Be7 22. c4 Qb7 23. b4 Ra8 24. Qb3 Qa6 25. Kb2 Rgb8 26. Nf4 f6 27. Nxe6 Qxa3+ 28.
Qxa3 Rxa3 29. Nc5+ Bxc5 30. Bxc5 Rba8 31. Ra1 Rxa1 32. Rxa1 Rxa1 33. Kxa1 fxe5
34. cxd5 cxd5 1/2-1/2

[Event "16th Sants Open 2014"]
[Site "Barcelona ESP"]
[Date "2014.08.23"]
[Round "2.7"]
[White "Fier, Alexandr"]
[Black "Serra Pages, Jordi"]
[Result "1-0"]
[WhiteTitle "GM"]
[WhiteElo "2570"]
[BlackElo "2216"]
[WhiteFideId "2107139"]
[BlackFideId "2213753"]
[EventDate "2014.08.22"]

1. d4 Nf6 2. c4 g6 3. f3 d5 4. cxd5 Nxd5 5. e4 Nb6 6. Nc3 Bg7 7. Be3 O-O 8. Qd2
Nc6 9. O-O-O e5 10. d5 Nd4 11. f4 c5 12. fxe5 Bg4 13. Re1 Bxe5 14. h3 Qh4 15.
Bd3 Bg3 16. Rf1 f5 17. hxg4 Qxh1 18. gxf5 Qh2 19. Nh3 Bd6 20. Bh6 Rf7 21. Re1
Nd7 22. Nb5 Bg3 23. Rd1 Ne5 24. Bf1 Ng4 25. d6 Nxh6 26. Qxh6 Bxd6 27. Bc4 Nxb5
28. Bxf7+ Kh8 29. fxg6 Bf4+ 30. Qxf4 Qxf4+ 31. Nxf4 hxg6 32. Ne6 1-0

[Event "16th Sants Open 2014"]
[Site "Barcelona ESP"]
[Date "2014.08.23"]
[Round "2.8"]
[White "Aronsson, Marten"]
[Black "Novikov, Stanislav"]
[Result "1-0"]
[BlackTitle "GM"]
[WhiteElo "2200"]
[BlackElo "2562"]
[WhiteFideId "1724223"]
[BlackFideId "4125371"]
[EventDate "2014.08.22"]

1. d4 g6 2. g3 Bg7 3. Bg2 d6 4. Nf3 Nf6 5. O-O O-O 6. Re1 Nbd7 7. e4 e5 8. Nc3
c6 9. a4 Qc7 10. h3 b6 11. Be3 Bb7 12. Qd2 a6 13. Bh6 b5 14. Bxg7 Kxg7 15. g4 b4
16. g5 Nh5 17. Ne2 c5 18. d5 a5 19. Ng3 Nf4 20. Bf1 Rh8 21. Ne2 Nxe2+ 22. Bxe2
h6 23. Rf1 c4 24. gxh6+ Rxh6 25. Ng5 Nc5 26. Bg4 Bc8 27. f4 f6 28. fxe5 fxg5 29.
e6 Nxe6 30. dxe6 Qc5+ 31. Kg2 Ra7 32. Rad1 Qe5 33. Qxd6 Qxe4+ 34. Kh2 Rh8 35.
Rde1 Qxc2+ 36. Re2 Qd3 37. Qe5+ Kh7 38. e7 Bxg4 39. Rf7+ 1-0

[Event "16th Sants Open 2014"]
[Site "Barcelona ESP"]
[Date "2014.08.23"]
[Round "2.9"]
[White "Roig Grau, Jesus"]
[Black "Handke, Florian"]
[Result "0-1"]
[BlackTitle "GM"]
[WhiteElo "2183"]
[BlackElo "2553"]
[WhiteFideId "2229625"]
[BlackFideId "4634527"]
[EventDate "2014.08.22"]

1. d4 d5 2. c4 c6 3. Nf3 Nf6 4. e3 Bf5 5. Nc3 e6 6. Nh4 Be4 7. f3 Bg6 8. Qb3 Qc7
9. Bd2 Be7 10. Nxg6 hxg6 11. cxd5 cxd5 12. Rc1 Nc6 13. g3 O-O 14. Kf2 Rfc8 15.
Bd3 a6 16. Ne2 Qd7 17. Rc2 e5 18. dxe5 Nxe5 19. Kg2 Nc4 20. Nd4 b5 21. Re1 Bc5
22. a4 bxa4 23. Qa2 Nxd2 24. Rxd2 Bb4 25. Rde2 Bxe1 26. Rxe1 Qb7 27. Bc2 Rab8
28. b3 Qb4 29. Re2 a3 0-1

[Event "16th Sants Open 2014"]
[Site "Barcelona ESP"]
[Date "2014.08.23"]
[Round "2.10"]
[White "Alsina Leal, Daniel"]
[Black "Rojano Alfonso, Carlos"]
[Result "1-0"]
[WhiteTitle "GM"]
[WhiteElo "2550"]
[BlackElo "2213"]
[WhiteFideId "2252627"]
[BlackFideId "22229507"]
[EventDate "2014.08.22"]

1. d4 e6 2. e4 d5 3. Nc3 dxe4 4. Nxe4 Be7 5. Nf3 Nf6 6. Bd3 Bd7 7. Ng3 Bc6 8.
O-O O-O 9. c3 Bd5 10. Ne5 c5 11. c4 Bc6 12. Be3 cxd4 13. Bxd4 Nbd7 14. Nxc6 bxc6
15. Bc2 Bc5 16. Bc3 Qb6 17. a3 a5 18. Nh5 Nxh5 19. Qxh5 f5 20. Rad1 Nf6 21. Qe2
Rae8 22. Qe1 Rf7 23. b4 axb4 24. axb4 Bf8 25. Ra1 f4 26. Ra5 f3 27. Qe3 Qb8 28.
Qxf3 Bxb4 29. Rb1 c5 30. Rb5 Qa7 31. Ra1 Qc7 32. Bb2 e5 33. Ra8 Rff8 34. Rxe8
Rxe8 35. h3 e4 36. Qe3 Qf7 37. g3 Kh8 38. Bb3 h6 39. Rb6 Kh7 40. Rd6 Qe7 41. Rd1
Qe6 42. Kg2 Kh8 43. Bc2 Ng8 44. Rd5 Qa6 45. Rd7 Nf6 46. Rf7 Qxc4 47. Rxf6 Qxc2
48. Rxh6+ Kg8 49. Rh8+ 1-0

[Event "16th Sants Open 2014"]
[Site "Barcelona ESP"]
[Date "2014.08.23"]
[Round "2.11"]
[White "Rodriguez Ferraz, Borja"]
[Black "Kraemer, Martin"]
[Result "0-1"]
[BlackTitle "GM"]
[WhiteElo "2175"]
[BlackElo "2546"]
[WhiteFideId "2256258"]
[BlackFideId "4671910"]
[EventDate "2014.08.22"]

1. d4 Nf6 2. c4 e6 3. Nc3 Bb4 4. Qc2 O-O 5. Bg5 d6 6. Nf3 Nbd7 7. e3 b6 8. Bd3
h6 9. Bh4 Bb7 10. O-O c5 11. a3 Bxc3 12. Qxc3 Rc8 13. Rfd1 Bxf3 14. gxf3 Nd5 15.
Bxd8 Nxc3 16. Rdc1 Rfxd8 17. Rxc3 cxd4 18. exd4 e5 19. d5 Rc7 20. Rac1 Nf6 21.
Bc2 Nh5 22. Ba4 Kf8 23. Bc6 Nf4 24. Kf1 Ne6 25. b4 Nd4 26. b5 a5 27. Re1 Re7 28.
Re4 g5 29. Kg2 f5 30. Re1 Kf7 31. h4 Kg6 32. Rh1 Rg7 33. h5+ Kf6 34. Re1 f4 35.
Rd3 g4 36. fxg4 Rxg4+ 37. Kh3 Rg5 38. Be8 Rxe8 39. Rxd4 Reg8 40. Rxf4+ exf4 0-1

[Event "16th Sants Open 2014"]
[Site "Barcelona ESP"]
[Date "2014.08.23"]
[Round "2.12"]
[White "Aroshidze, Levan"]
[Black "Moreno Martin, Daniel"]
[Result "1-0"]
[WhiteTitle "GM"]
[WhiteElo "2539"]
[BlackElo "2212"]
[WhiteFideId "13601865"]
[BlackFideId "2270340"]
[EventDate "2014.08.22"]

1. e4 e6 2. d4 d5 3. Nc3 Bb4 4. e5 c5 5. a3 Bxc3+ 6. bxc3 Ne7 7. Nf3 b6 8. Bb5+
Bd7 9. Bd3 Ba4 10. h4 h6 11. h5 c4 12. Be2 Kd7 13. O-O Qg8 14. Nh4 Qh7 15. Ra2
Na6 16. Bg4 Nc7 17. g3 Raf8 18. Ng2 Kc8 19. Bh3 Kb7 20. Kh2 Rhg8 21. Bd2 a5 22.
Rb2 Ka7 23. Ne3 Ka6 24. Qe2 b5 25. f4 f6 26. exf6 gxf6 27. f5 Nc8 28. fxe6 Qe7
29. Ra2 Nd6 30. Nf5 Nxf5 31. Bxf5 Rh8 32. Bf4 Ne8 33. Qf3 Qb7 34. Re1 Ng7 35.
Bg6 Rc8 36. e7 Ne8 37. Bf7 Rh7 38. Bxd5 Qd7 39. Be6 Qb7 40. Bxc8 Qxc8 41. Qd5 1-0

[Event "16th Sants Open 2014"]
[Site "Barcelona ESP"]
[Date "2014.08.23"]
[Round "2.13"]
[White "Sucher, Johannes"]
[Black "Libiszewski, Fabien"]
[Result "0-1"]
[BlackTitle "GM"]
[WhiteElo "2163"]
[BlackElo "2531"]
[WhiteFideId "1603906"]
[BlackFideId "616834"]
[EventDate "2014.08.22"]

1. d4 g6 2. e4 Bg7 3. Nc3 c6 4. Nf3 d6 5. Bc4 Nf6 6. O-O b5 7. Bd3 O-O 8. Re1 b4
9. Ne2 Bg4 10. Ng3 Nfd7 11. c3 bxc3 12. bxc3 c5 13. e5 Nc6 14. Be4 Rc8 15. h3
Bxf3 16. Qxf3 cxd4 17. Bxc6 Nxe5 18. Rxe5 Bxe5 19. cxd4 Bxg3 20. Bg5 Qb6 21. Rc1
d5 22. Qxg3 Rxc6 23. Rxc6 Qxc6 24. Bxe7 Re8 25. Qg5 h6 0-1

[Event "16th Sants Open 2014"]
[Site "Barcelona ESP"]
[Date "2014.08.23"]
[Round "2.14"]
[White "Narciso Dublan, Marc"]
[Black "Kempinski, Tomasz"]
[Result "1-0"]
[WhiteTitle "GM"]
[WhiteElo "2515"]
[BlackElo "2202"]
[WhiteFideId "2201500"]
[BlackFideId "1109049"]
[EventDate "2014.08.22"]

1. d4 d5 2. c4 c6 3. Nf3 Nf6 4. e3 e6 5. b3 Bb4+ 6. Nbd2 Ne4 7. a3 Bc3 8. Ra2 c5
9. dxc5 O-O 10. Qc2 Na6 11. cxd5 exd5 12. Bxa6 bxa6 13. O-O Qf6 14. Nxe4 dxe4
15. Nd2 Bxd2 16. Bxd2 Qg6 17. f4 Rd8 18. c6 Rd3 19. Rc1 Bh3 20. Ba5 Rxe3 21. c7
Rc8 22. Qc6 Qg4 23. Be1 h5 24. Bg3 h4 25. gxh3 Qxh3 26. Be1 Rf3 27. Rg2 Rxf4 28.
Qc3 1-0

[Event "16th Sants Open 2014"]
[Site "Barcelona ESP"]
[Date "2014.08.23"]
[Round "2.15"]
[White "Asensio Linan, Teodoro"]
[Black "Bromberger, Stefan"]
[Result "0-1"]
[BlackTitle "IM"]
[WhiteElo "2147"]
[BlackElo "2510"]
[WhiteFideId "2212536"]
[BlackFideId "4635248"]
[EventDate "2014.08.22"]

1. d4 Nf6 2. Bg5 d5 3. Bxf6 exf6 4. e3 Bd6 5. c4 dxc4 6. Bxc4 f5 7. Nf3 Nd7 8.
Nc3 O-O 9. O-O c6 10. Qc2 Nf6 11. Rab1 Qe7 12. a3 Ne4 13. Rfe1 Bd7 14. Rbd1 Rad8
15. g3 g6 16. Bf1 Rfe8 17. Bg2 Kg7 18. Nd2 Nxd2 19. Qxd2 h5 20. e4 fxe4 21. Rxe4
Qf8 22. Rde1 f5 23. Rxe8 Rxe8 24. Rxe8 Qxe8 25. b4 Qe7 26. Na4 f4 27. Nc5 fxg3
28. hxg3 Bf5 29. Qe3 Qxe3 30. fxe3 b6 31. Nb7 Bxg3 32. Bxc6 Bc7 33. e4 Bc8 34.
e5 Kf7 35. Kg2 g5 36. a4 h4 37. Kf3 g4+ 38. Kf4 g3 39. Kf3 Ke7 40. a5 Bd7 41.
Bd5 Bb5 42. axb6 axb6 43. Kg2 Kd7 44. Bf3 Bc4 45. Bg4+ Kc6 46. Bf3+ Kb5 47. Nd6+
Bxd6 48. exd6 Be6 49. Bb7 Kxb4 50. Bc6 b5 51. d7 Bxd7 52. Bxd7 Kc4 53. Kh3 b4
54. Bc6 b3 55. Be4 Kxd4 0-1

[Event "16th Sants Open 2014"]
[Site "Barcelona ESP"]
[Date "2014.08.23"]
[Round "2.16"]
[White "Comas Fabrego, Lluis"]
[Black "Garriga Cazorla, Pere"]
[Result "1-0"]
[WhiteTitle "GM"]
[WhiteElo "2508"]
[BlackElo "2196"]
[WhiteFideId "2200325"]
[BlackFideId "32011601"]
[EventDate "2014.08.22"]

1. d4 Nf6 2. c4 e6 3. Nc3 Bb4 4. e3 O-O 5. Bd3 d5 6. cxd5 exd5 7. Ne2 b6 8. O-O
Bb7 9. a3 Bd6 10. Ng3 Re8 11. Qc2 a6 12. b4 Nbd7 13. Rb1 g6 14. f3 Nf8 15. Qf2
Ne6 16. Nge2 Qd7 17. Bd2 Rab8 18. h3 c5 19. Rb2 Qc7 20. Rc1 Qe7 21. Rcb1 Rec8
22. bxc5 bxc5 23. a4 c4 24. Bc2 Bc6 25. e4 Rxb2 26. Rxb2 Rb8 27. Rxb8+ Bxb8 28.
e5 Nd7 29. f4 f6 30. f5 gxf5 31. exf6 Nxf6 32. Bxf5 Qd6 33. Bxe6+ Qxe6 34. Bf4
Bxf4 35. Qxf4 Bxa4 36. Qg3+ Kf7 37. Nf4 Qd7 38. Qf3 Bc6 39. Nh5 Qe6 40. g4 h6
41. Kf2 Ke7 42. Ng7 Qf7 43. Nf5+ Kd7 44. Qf4 Qe6 45. Qxh6 Kc7 46. Qg7+ Bd7 47.
Qxf6 Qxf6 48. Nxd5+ Kc6 49. Nxf6 a5 50. Nxd7 a4 51. Ne5+ Kb5 52. Nd6+ 1-0

[Event "16th Sants Open 2014"]
[Site "Barcelona ESP"]
[Date "2014.08.23"]
[Round "2.17"]
[White "Zanetti, Alberto"]
[Black "Blomqvist, Erik"]
[Result "0-1"]
[BlackTitle "GM"]
[WhiteElo "2147"]
[BlackElo "2506"]
[WhiteFideId "813508"]
[BlackFideId "1709437"]
[EventDate "2014.08.22"]

1. d4 d5 2. c4 c6 3. cxd5 cxd5 4. Bf4 Nf6 5. Nc3 Nc6 6. e3 Bf5 7. Rc1 Rc8 8. Nf3
e6 9. Qb3 Bb4 10. Bb5 O-O 11. O-O Qe7 12. Bxc6 Rxc6 13. Ne5 Rcc8 14. Bg5 h6 15.
Bh4 Bxc3 16. bxc3 g5 17. Bg3 Ne4 18. Rfd1 Rc7 19. c4 Rfc8 20. c5 b6 21. Ng6 Bxg6
22. Bxc7 Qxc7 23. cxb6 Qxc1 24. b7 Qxd1+ 25. Qxd1 Rb8 26. f3 Nd6 27. Qa4 Rxb7
28. Qa6 Rb1+ 29. Kf2 Rb2+ 30. Kg1 Nc4 31. e4 Ne3 32. exd5 Rxg2+ 33. Kh1 exd5 34.
Qxa7 Rf2 35. h3 Bh5 36. a4 Bxf3+ 37. Kg1 Rg2+ 38. Kh1 Rg3+ 0-1

[Event "16th Sants Open 2014"]
[Site "Barcelona ESP"]
[Date "2014.08.23"]
[Round "2.18"]
[White "Delorme, Axel"]
[Black "Shatko, Danil"]
[Result "1-0"]
[WhiteTitle "IM"]
[WhiteElo "2501"]
[BlackElo "2178"]
[WhiteFideId "632023"]
[BlackFideId "2297540"]
[EventDate "2014.08.22"]

1. d4 Nf6 2. g3 e6 3. c4 d5 4. Nf3 Be7 5. Bg2 O-O 6. Nc3 dxc4 7. O-O c6 8. Ne5
a6 9. a4 a5 10. Nxc4 Na6 11. e4 Nb4 12. Be3 Bd7 13. h3 Ne8 14. d5 cxd5 15. exd5
Qc7 16. Qb3 exd5 17. Nb6 Rd8 18. Ncxd5 Be6 19. Rac1 Bxd5 20. Nxd5 Qd7 21. Rfd1
Nxd5 22. Rxd5 Qe6 23. Qxb7 Nf6 24. Rxd8 Rxd8 25. Bb6 1-0

[Event "16th Sants Open 2014"]
[Site "Barcelona ESP"]
[Date "2014.08.23"]
[Round "2.19"]
[White "Abella Vazquez, Cesar"]
[Black "Klein, David"]
[Result "0-1"]
[BlackTitle "IM"]
[WhiteElo "2144"]
[BlackElo "2498"]
[WhiteFideId "2211610"]
[BlackFideId "1003623"]
[EventDate "2014.08.22"]

1. e4 g6 2. d4 Bg7 3. Nf3 c6 4. Nc3 d6 5. a4 Bg4 6. Be2 e6 7. O-O Ne7 8. Be3 d5
9. Ne5 Bxe2 10. Qxe2 Nd7 11. exd5 cxd5 12. Bg5 Nxe5 13. dxe5 h6 14. Bxe7 Qxe7
15. Nb5 O-O 16. Nd4 a6 17. f4 Rac8 18. c3 Rc4 19. Kh1 Qd7 20. a5 Ra4 21. Rae1
Rxa5 22. g4 Re8 23. Qf3 Ra2 24. f5 Rxb2 25. f6 Bf8 26. h4 b5 27. Qf4 b4 28. Rg1
bxc3 29. Nf5 d4 30. Re4 Qb7 31. Ng3 c2 32. g5 Rb1 0-1